|
|
|
|
| LEADER |
00000cam a2200000 a 4500 |
| 001 |
vtls008328612 |
| 003 |
SK-MaSNL |
| 005 |
20260302021046.0 |
| 008 |
190102s1966 xo oda drp 000 0 slo |
| 015 |
|
|
|a SNBA1966/03-00339
|
| 020 |
|
|
|q (viazané)
|
| 035 |
|
|
|a SK01SNK19660020829
|
| 035 |
|
|
|a SKM000023292
|
| 040 |
|
|
|a SNK
|b slo
|c SNK
|e AACR2
|
| 041 |
1 |
|
|a slo
|h cze
|
| 044 |
|
|
|a xo
|c SK
|
| 072 |
|
7 |
|a 544
|x Fyzikálna chémia
|2 konspekt
|
| 080 |
|
|
|a 544
|2 2011
|
| 080 |
|
|
|a (075.3)
|2 2011
|
| 100 |
1 |
|
|a Balák, Ladislav
|4 aut
|9 516532
|
| 240 |
1 |
0 |
|a Fyzikální chemie
|l Slovensky
|
| 245 |
1 |
0 |
|a Fyzikálna chémia
|b učebnica pre 3. ročník priemyselných škôl chemických a potravinárských
|c [autori:] Ladislav Balák ... [et al.] ; z čes. orig. ... Fyzikální chemie ...prel. Karol Daučík
|
| 250 |
|
|
|a 2. nezm. vyd.
|
| 260 |
|
|
|a Bratislava
|b SVTL
|c 1966
|e Bratislava
|f Polygrafické závody 02
|
| 300 |
|
|
|a 371, [1] s., [1] tb. príl.
|b fotografie, grafy, schémy tabuľky
|c 8°
|
| 366 |
|
|
|e 850 výt.
|
| 650 |
0 |
7 |
|a fyzikálna chémia
|2 SNKPH
|9 848
|
| 655 |
|
7 |
|a učebnice stredných škôl
|2 SNKPH
|9 69323
|
| 700 |
1 |
|
|a Daučík, Karol,
|d 1912-1990
|4 trl
|9 60573
|
| 852 |
|
|
|a Slovenská národná knižnica
|
| 954 |
|
|
|a odborná, vedecká literatúra cudzojazyčná (svetová)
|2 lita
|
| 958 |
|
|
|a OND
|
| 958 |
|
|
|a RK
|
| 958 |
|
|
|a OP
|
| 958 |
|
|
|a CZ
|
| 958 |
|
|
|a UC
|
| 968 |
|
|
|b ČES
|
| 999 |
|
|
|c 1027321
|d 1029251
|
| 952 |
|
|
|a SNK
|b SNK
|y PREZ
|7 0
|p 17A0803620
|o snkSC 21187
|0 0
|1 0
|4 0
|d 2012-08-27
|l 0
|r 2025-08-13 00:00:00
|w 2026-02-24
|
| 952 |
|
|
|t P60, <04>, [BOOK], {604}
|a SNK
|b SNK
|y VYP
|7 0
|p 17A0142184
|o snkSC 21187 D1
|0 0
|1 0
|4 0
|d 1998-05-27
|l 0
|r 2005-01-01 00:00:00
|w 2026-02-24
|